Países y Capitales del Mundo con un Mapa en Blanco - Estadísticas

Estadísticas generales
  • Esta prueba ha sido intentada 1.824 veces
    1.811 desde el último reinicio
  • La puntuación promedio es 299 de 396
Respuestas en el mapa
Las respuestas están codificadas por una escala verde-roja en el mapa de la prueba según el % correcto abajo.
 
Estadísticas de respuestas
País/Capital % Correcto
Estados Unidos
94%
Canadá
93%
España
93%
Francia
93%
México
93%
Argentina
92%
Brasil
92%
Rusia
92%
Bolivia
91%
Chile
91%
Ciudad de Panamá
91%
Colombia
91%
Ecuador
91%
Italia
91%
Panamá
91%
Paraguay
91%
Venezuela
91%
Alemania
90%
China
90%
Ciudad de Guatemala
90%
Guatemala
90%
Honduras
90%
Madrid
90%
Perú
90%
Portugal
90%
Uruguay
90%
Marruecos
89%
Nicaragua
89%
Noruega
89%
Suecia
89%
Suiza
89%
Ucrania
89%
Washington D.C.
89%
Austria
88%
Brasilia
88%
Buenos Aires
88%
Costa Rica
88%
Egipto
88%
Finlandia
88%
Guyana
88%
París
88%
Polonia
88%
Reino Unido
88%
Argel
87%
Bielorrusia
87%
Ciudad de México
87%
Dinamarca
87%
Eslovaquia
87%
Hungría
87%
Irak
87%
Irán
87%
Irlanda
87%
Japón
87%
Lisboa
87%
Mongolia
87%
Ottawa
87%
República Checa
87%
República Dominicana
87%
Rumania
87%
Sudáfrica
87%
Surinam
87%
Andorra
86%
Arabia Saudita
86%
Argelia
86%
Australia
86%
Bélgica
86%
Belice
86%
Bogotá
86%
Bosnia y Herzegovina
86%
Bulgaria
86%
Caracas
86%
Croacia
86%
Cuba
86%
El Salvador
86%
Grecia
86%
Haití
86%
India
86%
Libia
86%
Moscú
86%
Países Bajos
86%
Turquía
86%
Berlín
85%
Ciudad del Vaticano
85%
Eslovenia
85%
Indonesia
85%
Islandia
85%
Kazajistán
85%
Luxemburgo
85%
Pakistán
85%
Pekín
85%
República del Congo
85%
República Democrática del Congo
85%
Roma
85%
Santiago
85%
Serbia
85%
Túnez
85%
Afganistán
84%
Albania
84%
Armenia
84%
Azerbaiyán
84%
Estocolmo
84%
Estonia
84%
Etiopía
84%
Guinea
84%
Jamaica
84%
Jordania
84%
Laos
84%
Letonia
84%
Lituania
84%
Londres
84%
Moldavia
84%
Mónaco
84%
Montenegro
84%
Omán
84%
Oslo
84%
San Marino
84%
Tailandia
84%
Yemen
84%
Angola
83%
Chad
83%
Chipre
83%
Corea del Norte
83%
Corea del Sur
83%
Georgia
83%
Israel
83%
Kenia
83%
Kiev
83%
Kosovo
83%
Lima
83%
Macedonia del Norte
83%
Montevideo
83%
Nepal
83%
Níger
83%
Nigeria
83%
Nueva Zelanda
83%
Quito
83%
Senegal
83%
Siria
83%
Sudán
83%
Vietnam
83%
Bahamas
82%
Berna
82%
Botsuana
82%
Bruselas
82%
Camerún
82%
Dublin
82%
El Cairo
82%
Helsinki
82%
Kirguistán
82%
La Habana
82%
Liechtenstein
82%
Madagascar
82%
Malí
82%
Malta
82%
Mauritania
82%
Mozambique
82%
República Centroafricana
82%
Somalia
82%
Sudán del Sur
82%
Tanzania
82%
Tokio
82%
Turkmenistán
82%
Uzbekistán
82%
Viena
82%
Zambia
82%
Zimbabue
82%
Asunción
81%
Atenas
81%
Bangladés
81%
Bután
81%
Camboya
81%
Emiratos Árabes Unidos
81%
Ghana
81%
La Paz
81%
Malasia
81%
Praga
81%
Trinidad y Tobago
81%
Uganda
81%
Varsovia
81%
Ámsterdam
80%
Andorra la Vieja
80%
Antigua y Barbuda
80%
Bucarest
80%
Budapest
80%
Burkina Faso
80%
Cabo Verde
80%
Canberra
80%
Catar
80%
Copenhague
80%
Costa de Marfil
80%
Gabón
80%
Guinea-Bissau
80%
Líbano
80%
Liberia
80%
Myanmar
80%
Namibia
80%
Ruanda
80%
Santa Lucía
80%
Sofía
80%
Tayikistán
80%
Togo
80%
Ankara
79%
Benín
79%
Dominica
79%
Filipinas
79%
Guinea Ecuatorial
79%
Nueva Delhi
79%
Singapur
79%
Sri Lanka
79%
Barbados
78%
Baréin
78%
Eritrea
78%
Gambia
78%
Granada
78%
Kuwait
78%
Lesoto
78%
Papúa Nueva Guinea
78%
San Vicente y las Granadinas
78%
Seúl
78%
Seychelles
78%
Sierra Leona
78%
Taiwán
78%
Zagreb
78%
Mauricio
77%
Minsk
77%
Rabat
77%
Reikiavik
77%
Suazilandia
77%
Brunéi
76%
Burundi
76%
Comoras
76%
Estados Federados de Micronesia
76%
Fiyi
76%
Islas Salomón
76%
Kingston
76%
Kingstown
76%
Malaui
76%
Maldivas
76%
Palaos
76%
Puerto Príncipe
76%
San Cristóbal y Nieves
76%
San José
76%
San Salvador
76%
Santo Domingo
76%
Santo Tomé
76%
Santo Tomé y Príncipe
76%
Sarajevo
76%
Tirana
76%
Yibuti
76%
Belgrado
75%
Islas Marshall
75%
Kiribati
75%
Managua
75%
Riga
75%
Sucre
75%
Tegucigalpa
75%
Tonga
75%
Bangkok
74%
Bratislava
74%
Daca
74%
Jerusalén
74%
La Valeta
74%
Samoa
74%
Tallin
74%
Ulán Bator
74%
Chișinău
73%
Liubliana
73%
Nauru
73%
Teherán
73%
Tuvalu
73%
Vaduz
73%
Vanuatu
73%
Vilna
73%
Bakú
72%
Kabul
72%
Timor Oriental
72%
Nicosia
71%
Pionyang
71%
Yakarta
71%
Bagdad
70%
Damasco
70%
Nairobi
70%
Puerto España
70%
Skopie
70%
Tiflis
70%
Abu Dabi
69%
Doha
69%
Georgetown
69%
Kuala Lumpur
69%
Podgorica
69%
Riad
69%
Wellington
69%
Belmopán
68%
Dakar
68%
Hanói
68%
Islamabad
68%
Manila
68%
Pristina
68%
Ereván
67%
Paramaribo
67%
Trípoli
67%
Astaná
66%
Nasáu
66%
Taipéi
66%
Beirut
65%
Katmandú
65%
Amán
64%
Antananarivo
64%
Ciudad del Cabo
64%
Pretoria
64%
Saint John's
64%
Adís Abeba
63%
Mascate
62%
Acra
61%
Bridgetown
61%
Luanda
61%
Maputo
61%
Nom Pen
61%
Victoria
61%
Bisáu
60%
Freetown
60%
Saint George
60%
Saná
60%
Vientián
60%
Castries
59%
Malé
59%
Asjabad
58%
Biskek
58%
Dili
58%
Kinsasa
57%
Libreville
57%
Manama
57%
Mogadiscio
57%
Roseau
57%
Abuya
56%
Basseterre
56%
Brazzaville
56%
Naipyidó
56%
Port Moresby
56%
Porto-Novo
56%
Taskent
56%
Timbu
56%
Bandar Seri Begawán
55%
Dusambé
54%
Jartum
54%
Lomé
54%
Praia
54%
Asmara
53%
Monrovia
53%
Yuba
53%
Dodoma
52%
Gaborone
52%
Harare
52%
Kampala
52%
Nuakchot
52%
Port Louis
52%
Uagadugú
52%
Yamena
52%
Lusaka
51%
Sri Jayawardenapura Kotte
51%
Suva
51%
Windhoek
51%
Yaundé
51%
Apia
50%
Conakri
50%
Malabo
50%
Palikir
50%
Bamako
49%
Kigali
49%
Port Vila
49%
Yamusukro
49%
Bangui
48%
Banjul
48%
Niamey
48%
Funafuti
47%
Lilongüe
47%
Mbabane
47%
Moroni
47%
Tarawa Sur
45%
Gitega
44%
Honiara
44%
Majuro
44%
Maseru
44%
Ngerulmud
43%
Nukualofa
43%
Yaren
43%
Bloemfontein
41%
Cotonú
38%
No se encontraron pruebas coincidentes
Distribución de puntuación
Porcentaje de gente con cada puntuación
Porcentaje por número respondido
Historial de tus puntuaciones
No has intentado esta prueba desde el último reinicio